Prénoms faux, noms vrais - Statistiques

Statistiques générales
  • Ce quiz a été pris 238 fois
    206 depuis la dernière actualisation
  • Le résultat moyen est 6 sur 16
Answers on the Grid
Answers color-coded by a green-red scale on the quiz's grid according to % correct below.
Deux noix
Aime ma truelle
Grog au riz
Verlaine
Bolloré
J'ai vomi
Artère
Cave vide
House
Cornillac
Macron
Ferrari
Bowie
Darmon
Poelvoorde
De Balzac
Pet rare
Pelvis
Beau buste
Zola
 
Statistiques - réponses
Réponse % Correct
Macron
57%
Aime ma truelle
43%
Bolloré
40%
Bowie
37%
Poelvoorde
37%
Darmon
36%
Cornillac
35%
Deux noix
35%
De Balzac
34%
Grog au riz
34%
Ferrari
30%
J'ai vomi
30%
Cave vide
28%
Pelvis
28%
Pet rare
26%
House
21%
Aucun quiz correspondant
Distribution des résultats
% des personnes avec chaque résultat
Percentile par nombre de réponses
Votre historique - résultats
Vous n’avez pas pris ce quiz depuis la dernière actualisation